[Event "27th Summer Universiade in Kazan (Men)"]
[Site "Kazan"]
[Date "2013.07.10"]
[Round "2.9"]
[White "Andriasian, Zaven"]
[Black "Anton, Teodor"]
[Result "1/2-1/2"]
[WhiteElo "2620"]
[BlackElo "2438"]
[PlyCount "63"]
[EventDate "2013.??.??"]

1. e4 e5 2. Nf3 Nc6 3. Bc4 Nf6 4. d3 Bc5 5. c3 d6 6. O-O a6 7. Bb3 O-O 8. Nbd2
Ba7 9. h3 d5 10. exd5 Nxd5 11. Ne4 Be6 12. Nfg5 Qd7 13. Nxe6 Qxe6 14. Qh5 Rad8
15. Be3 Bxe3 16. fxe3 Na5 17. Rf3 Nxb3 18. axb3 f6 19. b4 c6 20. Raf1 b6 21.
Qg4 Qxg4 22. hxg4 h6 23. Kf2 Ra8 24. Ra1 Rfb8 25. Nd2 a5 26. e4 Nc7 27. bxa5
bxa5 28. Nc4 a4 29. Ke3 Ne6 30. Kd2 Nc5 31. Kc2 Rd8 32. Re3 1/2-1/2

[Event "27th Summer Universiade in Kazan (Men)"]
[Site "Kazan"]
[Date "2013.07.10"]
[Round "2.10"]
[White "Mammadov, Zaur"]
[Black "Hovhannisyan, Robert"]
[Result "0-1"]
[WhiteElo "2437"]
[BlackElo "2620"]
[PlyCount "90"]
[EventDate "2013.??.??"]

1. e4 e5 2. Nf3 Nc6 3. d4 exd4 4. Nxd4 Bc5 5. Nxc6 bxc6 6. Bd3 d6 7. Nc3 Nf6 8.
O-O Ng4 9. h3 Ne5 10. Na4 Bb6 11. Be2 O-O 12. c4 Nd7 13. b4 c5 14. b5 Bb7 15.
Nc3 Qf6 16. Bd2 a6 17. Nd5 Bxd5 18. cxd5 Qe7 19. bxa6 Qxe4 20. Re1 Ne5 21. Bb5
Qxd5 22. Bc3 Qxd1 23. Raxd1 f6 24. f4 Ng6 25. g3 Rfd8 26. a4 Kf8 27. a5 Ba7 28.
Re6 Ne7 29. Kg2 Rab8 30. Ba4 c4 31. Rde1 Nd5 32. Ba1 Nb4 33. Re7 Nxa6 34. Bxf6
gxf6 35. Rxh7 f5 36. g4 Bd4 37. Ree7 Nc5 38. Bc6 Rb2+ 39. Kh1 Ne4 40. Bxe4 fxe4
41. Rxe4 Re8 42. Rxe8+ Kxe8 43. Rxc7 c3 44. a6 c2 45. a7 Bxa7 0-1

[Event "27th Summer Universiade in Kazan (Men)"]
[Site "Kazan"]
[Date "2013.07.10"]
[Round "2.11"]
[White "Rzayev, Bahruz"]
[Black "Ma, Qun"]
[Result "1/2-1/2"]
[WhiteElo "2429"]
[BlackElo "2584"]
[PlyCount "124"]
[EventDate "2013.??.??"]

1. e4 c5 2. Nf3 d6 3. c3 Nf6 4. Be2 Bd7 5. d3 g6 6. O-O Bg7 7. Re1 O-O 8. Bf1
Nc6 9. h3 e5 10. d4 exd4 11. cxd4 Nxd4 12. Nxd4 cxd4 13. Qxd4 Re8 14. Qd3 Bf5
15. Nc3 Nxe4 16. Nxe4 Rxe4 17. Rxe4 d5 18. Bg5 Bxe4 19. Bxd8 Bxd3 20. Bxd3 Rxd8
21. Rc1 Be5 22. b3 Kf8 23. g3 Ke7 24. Kg2 Kd6 25. Kf3 Bd4 26. h4 h5 27. Bb5 a6
28. Bf1 Re8 29. Bh3 Bc5 30. Rc2 Re4 31. Bc8 Rb4 32. Rc3 a5 33. Rd3 Kc6 34. Rc3
Kd6 35. Rd3 a4 36. Bh3 Ke5 37. Bd7 a3 38. Be8 Rb6 39. Ke2 f5 40. Bf7 Bd4 41. f3
Rf6 42. f4+ Ke4 43. Be8 Re6 44. Ba4 Ra6 45. Rd1 Ra5 46. Be8 Rc5 47. Bxg6 Rc2+
48. Rd2 Rxd2+ 49. Kxd2 Bf2 50. Bxh5 Bxg3 51. Ke2 Bxf4 52. Bf3+ Kd4 53. h5 Bh6
54. Bg2 b6 55. Bh3 Ke4 56. Bg2+ Ke5 57. Kd3 Bg7 58. Bh1 d4 59. Bb7 Kf4 60. Bc8
Kg5 61. h6 Bh8 62. h7 Bg7 {Ke4} 1/2-1/2

[Event "27th Summer Universiade in Kazan (Men)"]
[Site "Kazan"]
[Date "2013.07.10"]
[Round "2.12"]
[White "Onischuk, Vladimir"]
[Black "Atabayev, Yusup"]
[Result "1-0"]
[WhiteElo "2576"]
[BlackElo "2431"]
[PlyCount "125"]
[EventDate "2013.??.??"]

1. e4 c5 2. Nf3 d6 3. d4 cxd4 4. Nxd4 Nf6 5. Nc3 a6 6. Nb3 e6 7. g4 Be7 8. Bg2
Nc6 9. f4 g5 10. e5 dxe5 11. Qxd8+ Bxd8 12. fxg5 Nd5 13. Nxd5 exd5 14. Bxd5
Bxg4 15. Be3 Bh5 16. O-O Bxg5 17. Bxg5 Rg8 18. Rf5 h6 19. Nc5 hxg5 20. Nxb7 Kd7
21. Bxf7 Nd4 22. Bxg8 Nxf5 23. Bc4 Kc6 24. Bd3 Nd4 25. Be4+ Kb6 26. Nd6 Rf8 27.
Nc4+ Kc7 28. Ne3 Kd6 29. Rf1 Ne2+ 30. Kh1 Rf4 31. Bg2 e4 32. Rd1+ Ke6 33. Nc4
Rh4 34. Rd6+ Kf5 35. Rd5+ Kf4 36. Rd6 Kf5 37. Rd5+ Kf4 38. Rd8 g4 39. Rf8+ Kg5
40. Nd2 e3 41. Nf1 g3 42. h3 Rf4 43. Rg8+ Kh4 44. Nxe3 Nd4 45. Rd8 Ne6 46. Rd6
Ng5 47. Rd4 Ne6 48. Rxf4+ Nxf4 49. Nf5+ Kg5 50. Nxg3 Bd1 51. Ne4+ Kf5 52. c4
Nxg2 53. Ng3+ Ke5 54. Kxg2 a5 55. Kf2 Kd4 56. Nf5+ Kc5 57. Ne3 Bh5 58. Kg3 a4
59. Kf4 Kd4 60. h4 Be2 61. b4 a3 62. c5 Kc3 63. c6 1-0

[Event "27th Summer Universiade in Kazan (Men)"]
[Site "Kazan"]
[Date "2013.07.10"]
[Round "2.13"]
[White "Munkhgal, Gombosuren"]
[Black "Zhou, Jianchao"]
[Result "0-1"]
[WhiteElo "2406"]
[BlackElo "2572"]
[PlyCount "98"]
[EventDate "2013.??.??"]

1. d4 d5 2. c4 e6 3. Nc3 Nf6 4. Nf3 c6 5. g3 Nbd7 6. Bg2 dxc4 7. O-O b5 8. e4
Bb7 9. Qc2 Be7 10. a4 a6 11. Bf4 O-O 12. Rfd1 Re8 13. Ne5 Nxe5 14. Bxe5 Qb6 15.
b3 cxb3 16. Qxb3 Ng4 17. a5 Qa7 18. Bc7 c5 19. Bb6 c4 20. Nxb5 axb5 21. Qf3
Nxh2 22. Kxh2 Qa6 23. d5 exd5 24. exd5 Bd6 25. Rd4 Re5 26. Rg4 Bxd5 27. Qxd5
Rxd5 28. Bxd5 Rb8 29. Re4 g6 30. Bd4 b4 31. Rae1 Qb5 32. Bxc4 Qxc4 33. Ba7 Qb5
34. Bxb8 Bxb8 35. a6 Kg7 36. Rb1 Qf5 37. Rexb4 Qxf2+ 38. Kh1 Qf3+ 39. Kg1 Qxg3+
40. Kf1 Ba7 41. R1b2 Qd3+ 42. Kg2 Qxa6 43. R4b3 Bd4 44. Rb1 Qe2+ 45. Kh1 Be5
46. Kg1 h5 47. Rb4 h4 48. Rxh4 Qe3+ 49. Kh1 Qf3+ 0-1

[Event "27th Summer Universiade in Kazan (Men)"]
[Site "Kazan"]
[Date "2013.07.10"]
[Round "2.14"]
[White "Moranda, Wojciech"]
[Black "Sarenac, Ivan"]
[Result "1-0"]
[WhiteElo "2570"]
[BlackElo "2410"]
[PlyCount "91"]
[EventDate "2013.??.??"]

1. d4 Nf6 2. c4 g6 3. Nc3 d5 4. Nf3 Bg7 5. Qa4+ Bd7 6. Qb3 dxc4 7. Qxc4 O-O 8.
Bf4 c6 9. e4 b5 10. Qb3 Qa5 11. e5 Be6 12. Qc2 Nd5 13. Bd2 Qb6 14. Be2 Nd7 15.
O-O f6 16. exf6 exf6 17. Rfe1 a5 18. Bc4 Bf7 19. Nxd5 cxd5 20. Bf1 Rfc8 21. Qd3
b4 22. Rac1 Bf8 23. Bf4 a4 24. h4 Qb7 25. g4 Nb6 26. g5 f5 27. Qb5 Rxc1 28.
Rxc1 Be8 29. Qe2 Rc8 30. Rxc8 Qxc8 31. Ne5 b3 32. axb3 axb3 33. Qe3 Qc2 34. Ng4
fxg4 35. Qxe8 Qf5 36. Be5 Qd7 37. Qb8 Nc4 38. Qxb3 Nxe5 39. dxe5 Kf7 40. Bg2
Ke6 41. Qb6+ Kf7 42. Qf6+ Ke8 43. e6 Qe7 44. Bxd5 Bg7 45. Qf4 Qa7 46. Bc6+ 1-0

[Event "27th Summer Universiade in Kazan (Men)"]
[Site "Kazan"]
[Date "2013.07.10"]
[Round "2.15"]
[White "Abdyjapar, Asyl"]
[Black "Tomczak, Jacek"]
[Result "0-1"]
[WhiteElo "2400"]
[BlackElo "2564"]
[PlyCount "124"]
[EventDate "2013.??.??"]

1. c4 Nf6 2. Nc3 d5 3. cxd5 Nxd5 4. g3 g6 5. Bg2 Nb6 6. Nf3 Bg7 7. O-O Nc6 8.
d3 O-O 9. Be3 h6 10. Rc1 Re8 11. a3 e5 12. Ne4 Nd4 13. Nc5 c6 14. Bd2 Nd7 15.
b4 Nxc5 16. Rxc5 Bg4 17. Nxd4 exd4 18. Re1 Bf8 19. Rc4 Be6 20. Rc1 Bd5 21. Bf1
Qf6 22. Qc2 Re6 23. e4 dxe3 24. fxe3 Ree8 25. e4 Be6 26. Bc3 Qg5 27. Qb2 Bg4
28. Bg2 Qh5 29. Qf2 Bg7 30. Bxg7 Kxg7 31. Rc5 g5 32. d4 Rad8 33. d5 cxd5 34.
exd5 Rxe1+ 35. Qxe1 Qg6 36. h3 Bf5 37. g4 Bd7 38. Qe7 Qf6 39. Qxf6+ Kxf6 40.
Rc7 Bc8 41. Kf2 a6 42. Ke3 Ke5 43. Rxf7 Bd7 44. Rh7 b6 45. Rxh6 Rc8 46. Kd2 Kd4
47. Rxb6 Ba4 48. Ke2 Rc2+ 49. Kf3 Bb3 50. Kg3 Rc3+ 51. Kh2 Rc2 52. Kg1 Rc1+ 53.
Bf1 Bxd5 54. Rf6 Ra1 55. h4 gxh4 56. Kh2 Rxa3 57. Bxa6 Rg3 58. Bc8 Rb3 59. Rf4+
Ke3 60. Rf5 Be4 61. Rh5 Rb1 62. Rxh4 Kf2 0-1

[Event "27th Summer Universiade in Kazan (Men)"]
[Site "Kazan"]
[Date "2013.07.10"]
[Round "2.17"]
[White "Georgescu, Tiberiu-Marian"]
[Black "Durarbayli, Vasif"]
[Result "0-1"]
[WhiteElo "2396"]
[BlackElo "2549"]
[PlyCount "84"]
[EventDate "2013.??.??"]

1. Nf3 c5 2. c4 Nc6 3. Nc3 g6 4. e3 Nf6 5. d4 cxd4 6. exd4 d5 7. cxd5 Nxd5 8.
Qb3 e6 9. Bb5 Bg7 10. Bg5 Qb6 11. O-O O-O 12. Rad1 h6 13. Bh4 Na5 14. Nxd5 exd5
15. Qxd5 Be6 16. Qc5 Qxc5 17. dxc5 Bxb2 18. Nd4 Bxa2 19. Rd2 Bxd4 20. Rxd4 a6
21. Be2 Rfe8 22. Bf3 Bc4 23. Bxb7 Ra7 24. Bc6 Nxc6 25. Rxc4 a5 26. Bf6 a4 27.
h4 a3 28. Ba1 f5 29. g4 Kf7 30. gxf5 gxf5 31. Kg2 a2 32. Rd1 Rg8+ 33. Kf1 Rb8
34. Rcc1 Rab7 35. Ke2 Rb1 36. Bc3 R8b3 37. Bh8 f4 38. h5 Nb4 39. Rc4 f3+ 40.
Ke1 Nd3+ 41. Kd2 R3b2+ 42. Bxb2 Rxd1+ 0-1

[Event "27th Summer Universiade in Kazan (Men)"]
[Site "Kazan"]
[Date "2013.07.10"]
[Round "2.19"]
[White "Bulski, Krzysztof"]
[Black "Akunov, Maskat"]
[Result "1-0"]
[WhiteElo "2534"]
[BlackElo "1882"]
[PlyCount "67"]
[EventDate "2013.??.??"]

1. d4 Nf6 2. c4 e6 3. Nc3 Bb4 4. e3 d5 5. Nge2 O-O 6. a3 Be7 7. cxd5 exd5 8. h3
a5 9. g4 h6 10. Bg2 Re8 11. Nf4 c6 12. O-O Bd6 13. Nd3 Nbd7 14. f4 Ne4 15. Nxe4
dxe4 16. Ne5 Nf6 17. Bd2 Be6 18. Qe2 Bd5 19. h4 Nd7 20. g5 hxg5 21. hxg5 Bxe5
22. dxe5 Qe7 23. Bc3 b5 24. Qh5 b4 25. Kf2 Qc5 26. Bd4 Qc2+ 27. Kg3 c5 28. Rac1
Qb3 29. Rh1 Kf8 30. Rxc5 g6 31. Qg4 Nxc5 32. Bxc5+ Kg7 33. f5 Rxe5 34. Qh4 1-0

[Event "27th Summer Universiade in Kazan (Men)"]
[Site "Kazan"]
[Date "2013.07.10"]
[Round "2.20"]
[White "Kravtsiv, Martyn"]
[Black "Mooketsi, David"]
[Result "1-0"]
[WhiteElo "2620"]
[BlackElo "1847"]
[PlyCount "79"]
[EventDate "2013.??.??"]

1. e4 e5 2. Nf3 Nc6 3. Bc4 Bc5 4. c3 Nf6 5. d4 exd4 6. e5 d5 7. Be2 Ne4 8. cxd4
Bb6 9. O-O O-O 10. Nc3 Bg4 11. Be3 Qd7 12. h3 Bh5 13. Nd2 Bxe2 14. Nxe2 Nxd2
15. Qxd2 f6 16. f4 fxe5 17. fxe5 Rxf1+ 18. Rxf1 Rf8 19. Rxf8+ Kxf8 20. Nf4 Nd8
21. a4 a5 22. b4 Qxa4 23. Nxd5 axb4 24. Qf2+ Ke8 25. Qh4 Qd7 26. Nxb6 cxb6 27.
Qxh7 Ne6 28. Qb1 Nxd4 29. Qxb4 Nc6 30. Qb3 Qe7 31. e6 b5 32. Qd5 Qf6 33. Qd7+
Kf8 34. Bc5+ Kg8 35. Qe8+ Kh7 36. Qh5+ Kg8 37. e7 Nxe7 38. Qe8+ Kh7 39. Qxe7
Qf4 40. Qd6 1-0

[Event "27th Summer Universiade in Kazan (Men)"]
[Site "Kazan"]
[Date "2013.07.10"]
[Round "2.21"]
[White "Margvelashvili, Giorgi"]
[Black "Markov, Mikhail"]
[Result "1-0"]
[WhiteElo "2548"]
[BlackElo "2305"]
[PlyCount "71"]
[EventDate "2013.??.??"]

1. d4 Nf6 2. c4 e6 3. Nc3 d5 4. cxd5 exd5 5. Bg5 c6 6. e3 Be7 7. Bd3 Nbd7 8.
Qc2 O-O 9. Nge2 Re8 10. f3 Nf8 11. Bh4 Bb4 12. Bf2 c5 13. a3 Bxc3+ 14. Qxc3 c4
15. Bc2 Bd7 16. a4 Qc8 17. g4 a5 18. Ng3 Be6 19. h3 N6d7 20. O-O Ra6 21. e4 Ng6
22. Nh5 Ndf8 23. e5 Bd7 24. Rae1 Rb6 25. Bg3 Ne7 26. Rf2 Rh6 27. Bh4 b6 28. Rg2
Ne6 29. Qd2 Kh8 30. Bf6 Ng8 31. Bg5 Rxh5 32. gxh5 h6 33. Bh4 Ne7 34. Rxg7 Ng5
35. Bxg5 Kxg7 36. Bf6+ 1-0

[Event "27th Summer Universiade in Kazan (Men)"]
[Site "Kazan"]
[Date "2013.07.10"]
[Round "2.22"]
[White "Perez Ponsa, Federico"]
[Black "Galmandakh, Badrakh"]
[Result "1-0"]
[WhiteElo "2488"]
[BlackElo "2203"]
[PlyCount "69"]
[EventDate "2013.??.??"]

1. d4 g6 2. c4 Bg7 3. e4 d6 4. Nc3 Nc6 5. d5 Nd4 6. Nge2 c5 7. Nxd4 Bxd4 8. Bd3
Bd7 9. O-O Nf6 10. Ne2 Bg4 11. Qa4+ Qd7 12. Qxd7+ Nxd7 13. Nxd4 cxd4 14. f3 Ne5
15. Rd1 Bd7 16. Bf1 d3 17. b3 b5 18. Bb2 O-O 19. c5 f6 20. c6 Bc8 21. f4 Ng4
22. Rxd3 a6 23. Re1 g5 24. h3 Nh6 25. fxg5 fxg5 26. e5 Nf5 27. e6 a5 28. Rf3
Ba6 29. Bd3 Ng7 30. Rxf8+ Rxf8 31. a4 Rb8 32. axb5 Bxb5 33. Bxb5 Rxb5 34. c7
Rc5 35. Rc1 1-0

[Event "27th Summer Universiade in Kazan (Men)"]
[Site "Kazan"]
[Date "2013.07.10"]
[Round "2.23"]
[White "Petenyi, Tamas"]
[Black "Rajapakse, R M C M."]
[Result "1-0"]
[WhiteElo "2480"]
[BlackElo "2075"]
[PlyCount "93"]
[EventDate "2013.??.??"]

1. e4 c5 2. Nf3 d6 3. d4 cxd4 4. Nxd4 Nf6 5. Nc3 a6 6. Be3 e5 7. Nf3 Be7 8. Bc4
O-O 9. Qe2 b5 10. Bb3 Be6 11. O-O-O Bxb3 12. axb3 Nbd7 13. Bg5 Qc7 14. Kb1 Rfc8
15. Nh4 b4 16. Nf5 Bf8 17. Na4 Qc6 18. Bxf6 Nxf6 19. Rhe1 d5 20. exd5 Nxd5 21.
Qc4 Nf6 22. Qxc6 Rxc6 23. Rxe5 Ng4 24. Re2 Rf6 25. f3 Rxf5 26. fxg4 Rf6 27. h3
Rb8 28. Ka2 g6 29. Rdd2 h6 30. Rf2 Kg7 31. Rxf6 Kxf6 32. Rf2+ Ke6 33. c4 Rb7
34. Kb1 Ke5 35. Kc2 Ke6 36. Re2+ Kd6 37. Re8 Be7 38. Ra8 Ke5 39. Rc8 Kf4 40.
Rh8 Ke3 41. Rxh6 Kf2 42. Rh7 Bg5 43. h4 Be3 44. h5 gxh5 45. Rxh5 Kxg2 46. Kd3
Kf3 47. Rh3+ {Ke4+ Kxe4} 1-0

[Event "27th Summer Universiade in Kazan (Men)"]
[Site "Kazan"]
[Date "2013.07.10"]
[Round "2.24"]
[White "Mazur, Stefan"]
[Black "David Emanuel, Giron Chavez"]
[Result "1-0"]
[WhiteElo "2409"]
[BlackElo "2062"]
[PlyCount "73"]
[EventDate "2013.??.??"]

1. e4 c5 2. Nf3 e6 3. d4 cxd4 4. Nxd4 a6 5. Bd3 Bc5 6. Nb3 Ba7 7. Nc3 Nc6 8.
Qe2 d6 9. Be3 Nf6 10. Bxa7 Rxa7 11. O-O b5 12. a4 b4 13. Nd1 O-O 14. Ne3 Ne5
15. Rfd1 Rc7 16. a5 Nxd3 17. Qxd3 Rd7 18. Qd4 e5 19. Qxb4 d5 20. exd5 Nxd5 21.
Nxd5 Rxd5 22. Rxd5 Qxd5 23. Qc5 Rd8 24. Qxd5 Rxd5 25. c4 Rd6 26. Nc5 Rd4 27.
Rc1 Kf8 28. b4 Ke7 29. b5 Kd6 30. Nxa6 Bxa6 31. bxa6 Kc7 32. Rb1 Rd6 33. Rb7+
Kd8 34. Kf1 Rxa6 35. Rxf7 g6 36. Rxh7 Rxa5 37. Rg7 1-0

[Event "27th Summer Universiade 2013 Kazan,Russ"]
[Site "Kazan,Russia"]
[Date "2013.07.10"]
[Round "2.25"]
[White "Lapcevic, Milos"]
[Black "Mohamad, Ervan"]
[Result "1-0"]
[WhiteElo "2403"]
[BlackElo "2207"]
[PlyCount "83"]
[EventDate "2013.07.09"]

1. d4 Nf6 2. c4 e6 3. Nc3 Bb4 4. Qc2 c5 5. dxc5 Na6 6. a3 Bxc3+ 7. Qxc3 Nxc5 8.
b4 Nce4 9. Qd4 d5 10. c5 b6 11. f3 bxc5 12. bxc5 Qa5+ 13. Qb4 Qxb4+ 14. axb4
Nc3 15. e3 Bd7 16. Ra5 e5 17. c6 Be6 18. Bb2 d4 19. Rxe5 O-O 20. Ne2 Nxe2 21.
Bxe2 dxe3 22. Rxe3 Nd5 23. Re4 Rfc8 24. Ba6 Rxc6 25. Bb7 Rc2 26. Bxa8 Rxb2 27.
O-O Nxb4 28. Ra1 g5 29. Re5 h6 30. Rb5 Kg7 31. h3 a6 32. Rb6 Bc4 33. Be4 Bb5
34. Rc1 Rd2 35. Rc7 Nd5 36. Rg6+ Kf8 37. Rc8+ Ke7 38. Rxh6 Ne3 39. Rc7+ Kf8 40.
Rh8+ Kg7 41. Rh7+ Kg8 42. Rc8+ 1-0

[Event "27th Summer Universiade 2013 Kazan,Russ"]
[Site "Kazan,Russia"]
[Date "2013.07.10"]
[Round "2.26"]
[White "Soares, Erikson Roberto Mau"]
[Black "Farid, Firman Syah"]
[Result "0-1"]
[WhiteElo "2193"]
[BlackElo "2396"]
[PlyCount "90"]
[EventDate "2013.07.09"]

1. Nf3 g6 2. g3 Bg7 3. d4 Nf6 4. Bg2 O-O 5. O-O d6 6. c4 Nbd7 7. Nc3 e5 8. b3
exd4 9. Nxd4 Re8 10. Bb2 Nc5 11. Qc2 c6 12. Rad1 Qb6 13. e4 a5 14. Nde2 a4 15.
bxa4 Qb4 16. Rxd6 Qxc4 17. Rc1 Bg4 18. f3 Be6 19. Qd2 Qb4 20. Rd4 Qb6 21. e5
Nfd7 22. f4 Nxa4 23. Nxa4 Rxa4 24. a3 Nc5 25. Rb4 Rxb4 26. Qxb4 Qxb4 27. axb4
Nd3 28. Rb1 Ba2 29. Ra1 Bc4 30. Bc3 Nxe5 31. Bxe5 Bxe5 32. fxe5 Bxe2 33. Ra7
Rxe5 34. Rxb7 Bb5 35. Rc7 Re6 36. Bf3 Kg7 37. Kf2 Rd6 38. Rc8 Rd2+ 39. Ke3 Rd3+
40. Kf2 Rc3 41. Rc7 Rc4 42. Rb7 Rxb4 43. Bxc6 Rb2+ 44. Kg1 Rb1+ 45. Kf2 Rf1+
0-1

[Event "27th Summer Universiade 2013 Kazan,Russ"]
[Site "Kazan,Russia"]
[Date "2013.07.10"]
[Round "2.27"]
[White "Caetano, Hugo Zanotti Mendon"]
[Black "Martins, Vinicius Tine"]
[Result "0-1"]
[WhiteElo "2152"]
[BlackElo "2391"]
[PlyCount "64"]
[EventDate "2013.07.09"]

1. d4 Nf6 2. c4 e6 3. a3 d5 4. Nc3 dxc4 5. e3 c5 6. Bxc4 Nc6 7. Nf3 Qc7 8. dxc5
Bxc5 9. O-O O-O 10. b4 Be7 11. Qe2 a6 12. Bb2 b5 13. Bb3 Bb7 14. h3 Qb8 15.
Rfd1 Rc8 16. e4 Rd8 17. Rxd8+ Bxd8 18. Rd1 Bc7 19. Rd2 Ne5 20. Nd4 Ng6 21. g3
Bxg3 22. fxg3 Qxg3+ 23. Qg2 Qe3+ 24. Qf2 Qxh3 25. Qg2 Qe3+ 26. Qf2 Qh6 27. Qh2
Nh4 28. Bd1 Qg5+ 29. Kf1 Nxe4 30. Nxe4 Bxe4 31. Nb3 Bd5 32. Nc5 Bc4+ 0-1

[Event "27th Summer Universiade 2013 Kazan,Russ"]
[Site "Kazan,Russia"]
[Date "2013.07.10"]
[Round "2.28"]
[White "Hesham, Abdelrahman"]
[Black "Garcia Fuentes, Sergio Mig"]
[Result "1/2-1/2"]
[WhiteElo "2375"]
[BlackElo "2181"]
[PlyCount "128"]
[EventDate "2013.07.09"]

1. d4 d5 2. c4 c6 3. Nf3 Nf6 4. Nc3 a6 5. e3 b5 6. b3 Bg4 7. Be2 e6 8. O-O Be7
9. Bb2 O-O 10. Ne5 Bxe2 11. Nxe2 bxc4 12. bxc4 c5 13. Qc2 dxc4 14. Rfd1 Qc8 15.
dxc5 Qxc5 16. Bd4 Qc7 17. Qa4 Rc8 18. Rac1 Qb7 19. Rb1 Qc7 20. Rdc1 Nc6 21.
Rxc4 Nxd4 22. exd4 Qd6 23. Rb7 Nd5 24. Qc2 Rxc4 25. Qxc4 f6 26. Nd3 Rb8 27.
Rxb8+ Qxb8 28. Qxa6 Qb1+ 29. Ndc1 Kf7 30. Qd3 Qa1 31. g3 Bd8 32. Kg2 g6 33. Qb3
Bb6 34. Qc4 Qb2 35. h4 h5 36. Qc6 Ne7 37. Qd7 Qc2 38. a4 Qe4+ 39. Kg1 Qc2 40.
Kg2 Qe4+ 41. f3 Qc2 42. Kf2 e5 43. Qb5 Bxd4+ 44. Ke1 Kf8 45. Qb3 Qc6 46. Kd1
Ba7 47. f4 e4 48. Na2 Nd5 49. Nac3 Nxc3+ 50. Nxc3 f5 51. Nd5 Qc5 52. Qb4 Qxb4
53. Nxb4 Bf2 54. Ke2 Bxg3 55. a5 Bh2 56. Kf2 Bxf4 57. a6 Bd6 58. Nc6 f4 59. a7
Bc5+ 60. Kg2 Bxa7 61. Nxa7 Kg7 62. Nb5 g5 63. hxg5 Kg6 64. Nd6 Kxg5 1/2-1/2

[Event "27th Summer Universiade 2013 Kazan,Russ"]
[Site "Kazan,Russia"]
[Date "2013.07.10"]
[Round "2.29"]
[White "Olebile, Thato"]
[Black "Meskovs, Nikita"]
[Result "1-0"]
[WhiteElo "2108"]
[BlackElo "2372"]
[PlyCount "117"]
[EventDate "2013.07.09"]

1. d4 Nf6 2. c4 c5 3. d5 b5 4. cxb5 a6 5. bxa6 g6 6. Nc3 Bxa6 7. e4 Bxf1 8.
Kxf1 d6 9. Nf3 Nbd7 10. g3 Bg7 11. h3 O-O 12. Kg2 Ra6 13. Re1 Qa8 14. Qc2 h6
15. b3 e6 16. dxe6 fxe6 17. Bb2 g5 18. Nb5 Qb7 19. a4 d5 20. exd5 exd5 21. Re7
d4 22. Qf5 Qc6 23. Rae1 Nd5 24. Re8 Rxe8 25. Rxe8+ Nf8 26. Rc8 Qb7 27. Rxc5 Ne7
28. Qd3 Ne6 29. Rc4 Nd5 30. Kh2 Ne3 31. Nbxd4 Nxc4 32. Qxc4 Kh8 33. Nxe6 Bxb2
34. Nfd4 Rd6 35. Qc5 Rd5 36. Qf8+ Kh7 37. Nf5 Bg7 38. Qxg7+ Qxg7 39. Nexg7 Rd3
40. b4 Ra3 41. Ne6 Rxa4 42. b5 Rb4 43. Nc7 Kg6 44. Ne7+ Kf7 45. Ned5 Rb2 46.
Kg2 h5 47. b6 g4 48. hxg4 hxg4 49. Ne3 Rxb6 50. Nxg4 Rb2 51. Nd5 Ke6 52. Nde3
Ra2 53. Kf3 Ra8 54. Kf4 Ra4+ 55. Kg5 Ra5+ 56. Kg6 Ra1 57. Nf6 Ra3 58. g4 Ra4
59. Nfd5 1-0

[Event "27th Summer Universiade 2013 Kazan,Russ"]
[Site "Kazan,Russia"]
[Date "2013.07.10"]
[Round "2.30"]
[White "Tologontegin, Semetey"]
[Black "Fernandes, Carlos"]
[Result "0-1"]
[WhiteElo "2370"]
[BlackElo "2122"]
[PlyCount "74"]
[EventDate "2013.07.09"]

1. f4 d5 2. Nf3 c5 3. b3 Nc6 4. Bb2 Bg4 5. e3 e6 6. Bb5 Qb6 7. Bxc6+ Qxc6 8.
O-O Ne7 9. h3 Bxf3 10. Qxf3 h5 11. Nc3 O-O-O 12. Ne2 Kb8 13. a3 Nf5 14. Rfc1 f6
15. Rab1 Be7 16. Ba1 Rdg8 17. b4 g5 18. fxg5 Rxg5 19. bxc5 Rhg8 20. Kh1 Ng3+
21. Nxg3 Rxg3 22. Qf4+ e5 23. Bxe5+ fxe5 24. Qxe5+ Qc7 25. Rxb7+ Kxb7 26. Rb1+
Kc8 27. Qe6+ Kd8 28. Qxd5+ Ke8 29. Qxh5+ R8g6 30. Qh8+ Kf7 31. Qh7+ Ke6 32. Rb4
Qc6 33. e4 Qxc5 34. d4 Qxc2 35. d5+ Kd7 36. Rb7+ Kc8 37. Qxe7 Qxg2# 0-1

[Event "27th Summer Universiade 2013 Kazan,Russ"]
[Site "Kazan,Russia"]
[Date "2013.07.10"]
[Round "2.31"]
[White "Haibayev, Hayrulla"]
[Black "Hajbok, Robert"]
[Result "1-0"]
[WhiteElo "2088"]
[BlackElo "2367"]
[PlyCount "51"]
[EventDate "2013.07.09"]

1. d4 Nf6 2. c4 g6 3. Nc3 d5 4. cxd5 Nxd5 5. e4 Nxc3 6. bxc3 Bg7 7. Nf3 c5 8.
Rb1 O-O 9. Be2 b6 10. O-O Qc7 11. Bb2 e6 12. d5 exd5 13. exd5 Bf5 14. Bd3 Bg4
15. h3 Bxf3 16. Qxf3 Nd7 17. Rfe1 Rad8 18. Bb5 Ne5 19. Qg3 a6 20. Bxa6 Qa7 21.
Bf1 c4 22. Rxe5 Bxe5 23. Qxe5 Qxa2 24. Bc1 f6 25. Qe6+ Rf7 26. Rxb6 1-0

[Event "27th Summer Universiade 2013 Kazan,Russ"]
[Site "Kazan,Russia"]
[Date "2013.07.10"]
[Round "2.32"]
[White "Pham, Chuong"]
[Black "Nayan, Ahmad Fadzil"]
[Result "1-0"]
[WhiteElo "2365"]
[BlackElo "2102"]
[PlyCount "87"]
[EventDate "2013.07.09"]

1. d4 Nf6 2. c4 e6 3. Nf3 Bb4+ 4. Bd2 Qe7 5. g3 Nc6 6. Bg2 Bxd2+ 7. Nbxd2 d6 8.
O-O O-O 9. Qc2 e5 10. Qc3 a5 11. e4 b6 12. Rfe1 Re8 13. Rad1 Bb7 14. b3 Rad8
15. h3 g6 16. Re3 h5 17. Qb2 Nh7 18. a3 Bc8 19. Kh2 Qf6 20. Nb1 Ng5 21. Nc3
Nxf3+ 22. Rxf3 Qg7 23. dxe5 Nxe5 24. Re3 h4 25. f4 Nd7 26. gxh4 Bb7 27. Qf2 Nc5
28. b4 axb4 29. axb4 Na6 30. h5 Nxb4 31. Rg3 Kh7 32. Nd5 Nxd5 33. exd5 Qh6 34.
hxg6+ fxg6 35. Rg4 Qg7 36. Rd3 Bc8 37. f5 Qe5+ 38. Kg1 Qf6 39. Rxg6 Qa1+ 40.
Bf1 Re4 41. Rg4 Rxg4+ 42. hxg4 Ba6 43. Qh4+ Kg7 44. Qe7+ 1-0

[Event "27th Summer Universiade 2013 Kazan,Russ"]
[Site "Kazan,Russia"]
[Date "2013.07.10"]
[Round "2.33"]
[White "Zulkifli, Muhd Syazwan"]
[Black "Nguyen, Van Hai"]
[Result "0-1"]
[WhiteElo "2063"]
[BlackElo "2353"]
[PlyCount "80"]
[EventDate "2013.07.09"]

1. d4 Nf6 2. Nf3 g6 3. c4 Bg7 4. g3 O-O 5. Bg2 d5 6. cxd5 Nxd5 7. O-O Nb6 8.
Nc3 Nc6 9. e3 Re8 10. Qe2 e5 11. dxe5 Nxe5 12. Nxe5 Bxe5 13. Rd1 Qe7 14. Bd2 c6
15. Rac1 Be6 16. b3 a5 17. Ne4 Bd5 18. Nc3 Be6 19. Ne4 Bd5 20. Nc3 Bxg2 21.
Kxg2 h5 22. h3 a4 23. Nxa4 Nxa4 24. bxa4 Rxa4 25. Bc3 Rea8 26. Rd2 Bxc3 27.
Rxc3 h4 28. Rcd3 hxg3 29. Kxg3 Qg5+ 30. Kh2 Qe5+ 31. f4 Qa5 32. Kg3 Rxa2 33.
Rxa2 Qxa2 34. Qg4 Qb1 35. Qd7 Qg1+ 36. Kh4 Qf2+ 37. Kg4 Qg2+ 38. Kh4 Kg7 39.
Qd4+ Kh6 40. Qd6 Qf2+ 0-1

[Event "27th Summer Universiade 2013 Kazan,Russ"]
[Site "Kazan,Russia"]
[Date "2013.07.10"]
[Round "2.34"]
[White "Stanciu, Alexandru-Ovidiu"]
[Black "Sato, Kaname"]
[Result "1-0"]
[WhiteElo "2346"]
[BlackElo "2038"]
[PlyCount "61"]
[EventDate "2013.07.09"]

1. e4 c5 2. Nf3 d6 3. d4 cxd4 4. Nxd4 Nf6 5. Nc3 g6 6. h3 Bg7 7. g4 Nc6 8. Be3
O-O 9. Bg2 Nxd4 10. Bxd4 Qa5 11. O-O Bd7 12. Re1 Bc6 13. Nd5 Bxd5 14. exd5 Rfe8
15. Re3 Nd7 16. Ra3 Qc7 17. Bxg7 Kxg7 18. Qd4+ Kg8 19. c4 a5 20. Re1 Qc5 21.
Qf4 Ne5 22. Re4 a4 23. h4 f5 24. gxf5 Rf8 25. Rg3 Kh8 26. Bh3 gxf5 27. Bxf5 Rf7
28. Qg5 Nf3+ 29. Rxf3 Rg8 30. Qxg8+ Kxg8 31. Be6 1-0

[Event "27th Summer Universiade 2013 Kazan,Russ"]
[Site "Kazan,Russia"]
[Date "2013.07.10"]
[Round "2.35"]
[White "Abrantes, Persson"]
[Black "Kantans, Toms"]
[Result "0-1"]
[WhiteElo "2017"]
[BlackElo "2343"]
[PlyCount "96"]
[EventDate "2013.07.09"]

1. d4 Nf6 2. c4 e6 3. Nc3 Bb4 4. Qc2 b6 5. e4 Bxc3+ 6. bxc3 d6 7. g3 O-O 8. Bg2
e5 9. Ne2 Nc6 10. O-O Ba6 11. Rd1 Qe7 12. Ba3 Nd7 13. dxe5 Ncxe5 14. Nd4 Bb7
15. Nf5 Qe6 16. f4 Nxc4 17. Bc1 Nc5 18. Rd4 Rfe8 19. Qd1 Bxe4 20. Bxe4 Nxe4 21.
Qg4 Qg6 22. Qh3 b5 23. a4 Nxc3 24. Rd3 b4 25. Kf1 d5 26. Bd2 Nxd2+ 27. Rxd2 c5
28. g4 d4 29. Qf3 h5 30. Ne7+ Rxe7 31. Qxa8+ Kh7 32. h3 b3 33. f5 Qg5 34. Rf2
Ne4 35. Rg2 Qe3 36. Qf8 Qxh3 37. Kg1 Qe3+ 38. Kh2 Ng5 39. Rf1 f6 40. gxh5 Re4
41. Rg3 Qe2+ 42. Kg1 b2 43. Qb8 Rg4 44. Rxg4 Nh3+ 45. Kh1 Qxf1+ 46. Kh2 b1=Q
47. Rxg7+ Kxg7 48. h6+ Kh7 0-1